000 00501nam a2200193Ia 4500
008 240510s9999 xx 000 0 und d
020 _a0003540643036
041 _aEng
082 _a005.11
082 _bF85
100 _aAstesiano, E (Ed)
245 0 _aFundamental approaches to software engineering:Lecture notes in computer science:Proceedings
260 _bSpringer: Tokyo
260 _c1998
300 _a329 p.
650 _asoftware engineering :
942 _2ddc
942 _cLBK
999 _c27614
_d27614
945 _a1
_bMadushi Gamage
_c1
_dMadushi Gamage